Spacecraft navigation and guidance /

Saved in:
Bibliographic Details
Main Author: Noton, Maxwell, 1928-
Format: Book
Language:English
Published: London ; New York : Springer, c1998.
Series:Advances in industrial control
Subjects:
LEADER 01336cam a2200301 a 4500
001 c000287572
003 CARM
005 20081009142716.0
008 971222s1998 enka b 001 0 eng d
010 |a 97053165 
019 1 |a 13645830  |5 LACONCORD2021 
020 |a 3540762485 (casebound : alk. paper) 
035 |a (OCoLC)38174240  |5 LACONCORD2021 
040 |a TOC  |b eng  |c TOC  |d TOC  |d VCAV 
050 0 0 |a TL1065  |b .N68 1998 
082 0 4 |a 629.4742  |2 21 
100 1 |a Noton, Maxwell,  |d 1928- 
245 1 0 |a Spacecraft navigation and guidance /  |c Maxwell Noton. 
260 |a London ;  |a New York :  |b Springer,  |c c1998. 
300 |a xiv, 181 p. :  |b ill. ;  |c 24 cm. 
440 0 |a Advances in industrial control 
504 |a Includes bibliographical references (p. [165]-167) and index. 
505 0 |a 1. Orbital Mechanics -- 2. The Launch Phase -- 3. Earth Satellites: Perturbations and Manoeuvres -- 4. Orbit Determination -- 5. Midcourse and Gravity Assist Manoeuvres -- 6. Low Thrust Missions -- 7. Atmospheric Entry. 
650 0 |a Navigation (Astronautics) 
650 0 |a Space vehicles  |x Guidance systems. 
852 8 |b CARM  |h A1:AP36E0  |i C11299  |p 0513558  |f BK 
999 f f |i af880c06-8077-54fc-8806-b13b72f29ea5  |s 1d0b5e25-8744-5985-9982-ddba86dfbc73 
952 f f |p Can circulate  |a CAVAL  |b CAVAL  |c CAVAL  |d CARM 1 Store  |e C11299  |f A1:AP36E0  |h Other scheme  |i book  |m 0513558